000 00679nam a2200229 4500
003 OSt
005 20240605020309.0
006 a
008 240605b |||||||| |||| 00| 0 eng d
020 _a971086730
040 _aDWCL-Main lib.
_cOC
082 _aFil. 301 Z94a 2006
100 _aZulueta, Francisco M.
245 _aAnthropological and sociological concepts and perspectives /
260 _aMandaluyong City :
_bNational Book Store,
_cc2006.
300 _axiv,
_b433 p. : ill. ;
_c22 cm.
504 _aIncludes bibliographical references.
650 _a1. Anthropology
650 _a2. Sociology
700 _aFrancisco M. Zulueta
942 _2ddc
_n0
_cBK - FIL
_kFil.
999 _c165
_d165